Internet nejen pro ekonomy jak hledat a najít
Salvato in:
| Autore principale: | |
|---|---|
| Natura: | Libro |
| Lingua: | ceco |
| Pubblicazione: |
Praha
Grada Publishing
2002
|
| Soggetti: | |
| Tags: |
Nessun Tag, puoi essere il primo ad aggiungerne!!
|
MARC
| LEADER | 00000nam a2200000 4500 | ||
|---|---|---|---|
| 001 | c134857 | ||
| 005 | 20221124094556.2 | ||
| 020 | |a 80-247-0276-6 | ||
| 041 | 0 | |a cze | |
| 044 | |a CZ | ||
| 245 | 1 | 0 | |a Internet nejen pro ekonomy |b jak hledat a najít |c Jiří Bráza |
| 264 | 1 | |a Praha |b Grada Publishing |c 2002 | |
| 300 | |a 119 s. | ||
| 610 | 2 | 0 | |a internet |
| 610 | 2 | 0 | |a siete počítačové |
| 610 | 2 | 0 | |a technológie informačné |
| 610 | 2 | 0 | |a vývoj |
| 610 | 2 | 0 | |a služby informačné |
| 610 | 2 | 0 | |a informácie ekonomické |
| 100 | 1 | |a Bráza, Jiří | |